000 nam a22 7a 4500
999 _c29278
_d29278
008 171124b xxu||||| |||| 00| 0 eng d
020 _a9789966008091
050 _aHN 49 .C6C49 2009
100 _aChikati, John.
_d2009
245 _aThe Community Development Handbook /
_bHow to Build Community Capacity /
250 _a1st ed.
260 _aKenya:
_bRegional Partnership for Resource Development,
_c2009.
300 _axv, 150p. :ill.
_c22cm
650 _aCommunity work
942 _2lcc
_cAFRICANA
_hHN 49 .C6C49 2009